00443cam a22001817a 4500003000500000005001700005008004100022010001000063011001000073020001500083035001000098040000900108100002800117245004600145260003700191300001000228650002300238CHAP20220329142316.0000605d1999 mx r 00110 spa d a81405 a82377 a9688845949 a92869 cCHAP00aRosas Galicia, Rolando.10aPerversa florc/por Rolando Rosas Galicia aChapingo, Méx. :bUACH,c1999. a41 p.14aPoesía mexicana.